[Event "Jastrzebia Gora Fianchetto op"]
[Site "Jastrzebia Gora"]
[Date "2014.??.??"]
[Round "2"]
[White "Kaukiel, Piotr"]
[Black "Rogalski, Krzysztof"]
[Result "1-0"]
[WhiteElo "2218"]
[BlackElo "1832"]
[PlyCount "67"]
[EventDate "2014.08.31"]
[EventType "swiss"]
[EventRounds "9"]
[EventCountry "POL"]
[SourceTitle "CBM 162 Extra"]
[Source "ChessBase"]
[SourceDate "2014.10.17"]
[SourceVersion "1"]
[SourceVersionDate "2014.10.17"]
[SourceQuality "1"]

1. Nf3 d5 2. g3 c5 3. Bg2 Nc6 4. d4 e6 5. 0-0 Nf6 6. c4 dxc4 7. Qa4 Bd7 8. Qxc4 cxd4 9. Nxd4 Nxd4 10. Qxd4 Bc6 11. Bxc6+ bxc6 12. Qa4 Qb6 13. Nc3 Be7 14. Be3 Qb7 15. Rfc1 0-0 16. Rc2 Rfd8 17. Ne4 Qb5 18. Qc4 Qxc4 19. Rxc4 Nxe4 20. Rxe4 c5 21. b3 Rab8 22. Rc1 Rb5 23. Rec4 Rd5 24. Bf4 g5 25. e4 Rd4 26. Be3 Rxc4 27. Rxc4 f6 28. Ra4 a5 29. Bd2 Bd8 30. Kf1 Kf7 31. Ke2 Ke7 32. e5 fxe5 33. Bxg5+ Kd7 34. Bd2 1-0

[Event "POL-ch disabled"]
[Site "Rowy"]
[Date "2009.09.02"]
[Round "2.5"]
[White "Kaukiel, Piotr"]
[Black "Karolak, Jan"]
[Result "1-0"]
[WhiteElo "2186"]
[BlackElo "1944"]
[PlyCount "59"]
[EventDate "2009.09.01"]
[EventType "swiss"]
[EventRounds "9"]
[EventCountry "POL"]
[SourceTitle "EXT 2023"]
[Source "ChessBase"]
[SourceDate "2022.10.05"]
[SourceVersion "1"]
[SourceVersionDate "2022.10.05"]
[SourceQuality "1"]

1. Nf3 Nf6 2. g3 g6 3. b3 Bg7 4. Bg2 d6 5. d4 c6 6. Bb2 0-0 7. 0-0 Qc7 8. c4 Rd8 9. Nbd2 Nbd7 10. Qc2 e5 11. c5 dxc5 12. dxe5 Nd5 13. e6 fxe6 14. Bxg7 Kxg7 15. Bh3 N7f6 16. Qxc5 Qe7 17. Qxe7+ Nxe7 18. Nc4 Nf5 19. Rfd1 Bd7 20. Nce5 Kf8 21. e4 Ng7 22. Ng5 Ke7 23. Nxd7 Rxd7 24. e5 Rxd1+ 25. Rxd1 Nd5 26. Nxh7 Nc3 27. Rd2 Ne4 28. Rd4 Nc3 29. Rg4 Rh8 30. Ng5 1-0

[Event "POL-ch disabled"]
[Site "Chotowa"]
[Date "2007.05.27"]
[Round "2.3"]
[White "Kaukiel, Piotr"]
[Black "Zarow, Zdzislaw"]
[Result "1-0"]
[WhiteElo "2206"]
[BlackElo "1987"]
[PlyCount "82"]
[EventDate "2007.05.26"]
[EventType "swiss"]
[EventRounds "9"]
[EventCountry "POL"]
[SourceTitle "EXT 2023"]
[Source "ChessBase"]
[SourceDate "2022.10.05"]
[SourceVersion "1"]
[SourceVersionDate "2022.10.05"]
[SourceQuality "1"]

1. Nf3 Nf6 2. g3 d5 3. Bg2 c5 4. 0-0 Nc6 5. d4 cxd4 6. Nxd4 e5 7. Nxc6 bxc6 8. c4 Be7 9. Nc3 Be6 10. cxd5 cxd5 11. Qa4+ Bd7 12. Qa6 0-0 13. Nxd5 Nxd5 14. Bxd5 Rc8 15. Be3 Rc7 16. Rfd1 Qb8 17. Rac1 Bb5 18. Qa5 Rxc1 19. Rxc1 Bxe2 20. Qxa7 Qd6 21. Bg2 h6 22. Qc7 Qxc7 23. Rxc7 Rd8 24. h4 Kf8 25. a3 f5 26. Bc5 Bxc5 27. Rxc5 Re8 28. f4 Bd3 29. fxe5 g5 30. hxg5 hxg5 31. Kf2 Rb8 32. b4 Rb6 33. Ke3 Bb5 34. Kd4 Ke7 35. Rc7+ Bd7 36. Bd5 Kd8 37. Ra7 Rh6 38. e6 Bxe6 39. Ra6 Ke7 40. Ke5 f4 41. gxf4 g4 1-0

[Event "POL-ch disabled"]
[Site "Chotowa"]
[Date "2007.05.26"]
[Round "1.3"]
[White "Marszalek, Jakub"]
[Black "Kaukiel, Piotr"]
[Result "0-1"]
[WhiteElo "1791"]
[BlackElo "2206"]
[PlyCount "46"]
[EventDate "2007.05.26"]
[EventType "swiss"]
[EventRounds "9"]
[EventCountry "POL"]
[SourceTitle "EXT 2023"]
[Source "ChessBase"]
[SourceDate "2022.10.05"]
[SourceVersion "1"]
[SourceVersionDate "2022.10.05"]
[SourceQuality "1"]

1. Nc3 d5 2. d4 Nf6 3. Nf3 Bf5 4. Bf4 e6 5. a3 c5 6. e3 Nc6 7. Bb5 Be7 8. 0-0 0-0 9. h3 h6 10. Ne2 a6 11. Ba4 b5 12. Bb3 c4 13. Ba2 b4 14. Bb1 c3 15. bxc3 bxa3 16. Nd2 Na5 17. f3 Rb8 18. Nb3 Nc4 19. Qc1 Qb6 20. Re1 a5 21. Ng3 Bg6 22. Nd2 Qb2 23. Nb3 Qxc3 0-1

[Event "POL-chT 2nd League"]
[Site "Lubniewice"]
[Date "1993.??.??"]
[Round "?"]
[White "Nikolenko, Oleg"]
[Black "Kaukiel, Piotr"]
[Result "1-0"]
[WhiteElo "2465"]
[BlackElo "2335"]
[PlyCount "63"]
[EventDate "1993.09.17"]
[EventType "team-swiss"]
[EventRounds "11"]
[EventCountry "POL"]
[SourceTitle "TD"]
[Source "ChessBase"]
[SourceDate "1994.03.01"]
[SourceVersion "1"]
[SourceVersionDate "1994.03.01"]
[SourceQuality "1"]
[WhiteTeam "Swietochlowice Slask"]
[WhiteTeamCountry "POL"]

1. e4 e5 2. Nf3 Nc6 3. Nc3 Nf6 4. Bb5 Nd4 5. Ba4 Bc5 6. Nxe5 Qe7 7. Nd3 Nxe4 8. 0-0 Nxc3 9. bxc3 Ne6 10. Nxc5 Qxc5 11. Qf3 0-0 12. Bb3 d6 13. d4 Qb5 14. Re1 Bd7 15. Bd2 Rae8 16. h4 Nd8 17. Bg5 Ne6 18. Be3 Nd8 19. d5 Bc8 20. a4 Qa5 21. Bd4 Bd7 22. h5 h6 23. Rxe8 Bxe8 24. Qg4 f6 25. Qf5 Bf7 26. Bc4 c5 27. Bd3 Re8 28. Qh7+ Kf8 29. Qh8+ Ke7 30. Re1+ Kd7 31. Rxe8 cxd4 32. Bf5+ 1-0